| 000 | 00763nam a2200229Ia 4500 | ||
|---|---|---|---|
| 003 | OSt | ||
| 005 | 20220923211619.0 | ||
| 006 | a|||||r|||| 00| 0 | ||
| 007 | ta | ||
| 008 | 220922b |||||||| |||| 00| 0 hin d | ||
| 024 | _a9,966 | ||
| 037 | _cTextual | ||
| 040 |
_aARTS _cARTS _bhin |
||
| 041 |
_2hin _ahin |
||
| 082 | _aQ11:21:9xH50:1, 15L2 | ||
| 100 | _aसायणाचार्य | ||
| 245 | 0 | _aऋग्वेद भाष्य भूमिका, हरिदत्त शास्त्री व्याख्या | |
| 246 | _aṚugved bhāṣhya bhūmikā, haridatta shāstrī vyākhyā0 | ||
| 260 | _c1972 | ||
| 942 |
_hQ11:21:9xH50:1, 15L2 _cTEXL _2CC |
||
| 999 |
_c301460 _d301460 |
||